Stockholm Arlanda Airport Destinations (Stockholm, Sweden) - Statistics

General Stats
  • This quiz has been taken 201 times
    46 since last reset
  • The average score is 125 of 198
Answer Stats
Airline Destination % Correct
Iberia/Scandinavian Airlines Madrid
100%
Finnair/Norwegian Air Shuttle/Scandinavian Airlines Bergen
97%
Eurowings/Norwegian Air Shuttle/Scandinavian Airlines Berlin
97%
Norwegian Air Shuttle Dubai (Al Maktoum)
97%
Emirates Dubai (International)
97%
Finnair/Norwegian Air Shuttle/Scandinavian Airlines Helsinki
97%
Turkish Airlines Istanbul
97%
AJet/Pegasus Airlines Istanbul (Sabiha Gökçen)
97%
Norwegian Air Shuttle/Scandinavian Airlines/TAP Air Portugal Lisbon
97%
Norwegian Air Shuttle/Scandinavian Airlines Manchester
97%
Air France/Norwegian Air Shuttle/Scandinavian Airlines Paris (Charles de Gaulle)
97%
Transavia Paris (Orly)
97%
LOT Polish Airlines/Scandinavian Airlines Warsaw (Chopin)
97%
Ryanair Warsaw (Modlin)
97%
KLM/Norwegian Air Shuttle/Scandinavian Airlines Amsterdam
95%
Aegean Airlines/Norwegian Air Shuttle/Scandinavian Airlines Athens
95%
Brussels Airlines/Scandinavian Airlines Brussels
95%
Nile Air Cairo
95%
Ryanair/Scandinavian Airlines Dublin
95%
Norwegian Air Shuttle/Scandinavian Airlines Edinburgh
95%
Ryanair/Scandinavian Airlines Gothenburg
95%
Norwegian Air Shuttle London (Gatwick)
95%
British Airways/Scandinavian Airlines London (Heathrow)
95%
Ryanair London (Stansted)
95%
Norwegian Air Shuttle/Transavia Lyon
95%
Scandinavian Airlines Milan (Linate)
95%
Norwegian Air Shuttle/Scandinavian Airlines Milan (Malpensa)
95%
Scandinavian Airlines Naples
95%
Delta Air Lines New York (JFK)
95%
Ethiopian Airlines/Norwegian Air Shuttle/Scandinavian Airlines Oslo
95%
airBaltic/Norwegian Air Shuttle/Ryanair Riga
95%
Norwegian Air Shuttle/Ryanair/Scandinavian Airlines Rome (Fiumicino)
95%
Ryanair/Scandinavian Airlines Tallinn
95%
Austrian Airlines/Ryanair Vienna
95%
Norwegian Air Shuttle/Ryanair/Scandinavian Airlines/Vueling Barcelona
92%
Air China Beijing (Capital)
92%
Norwegian Air Shuttle/Ryanair/Wizz Air Budapest
92%
Norwegian Air Shuttle/Scandinavian Airlines Copenhagen
92%
Norwegian Air Shuttle/Ryanair Kraków
92%
Ryanair/Transavia Marseille
92%
Lufthansa/Norwegian Air Shuttle/Scandinavian Airlines Munich
92%
Norwegian Air Shuttle/Ryanair Porto
92%
All Nippon Airways Tokyo (Haneda)
92%
Scandinavian Airlines/Swiss International Air Lines Zürich
92%
Animawings/Norwegian Air Shuttle Bucharest (Oteopeni)
89%
Lufthansa/Scandinavian Airlines Frankfurt
89%
easyJet/Scandinavian Airlines/Swiss International Air Lines Geneva
89%
Norwegian Air Shuttle/Scandinavian Airlines Nice
89%
Norwegian Air Shuttle/Scandinavian Airlines Palermo
89%
Norwegian Air Shuttle/Ryanair/Scandinavian Airlines/Sunclass Airlines/TUI fly Nordic Palma de Mallorca
89%
Eurowings/Norwegian Air Shuttle/Scandinavian Airlines Prague
89%
Croatia Airlines/Norwegian Air Shuttle/Scandinavian Airlines/TUI fly Nordic Split
89%
Norwegian Air Shuttle/Ryanair/Scandinavian Airlines Vilnius
89%
Croatia Airlines Zagreb
89%
Ethiopian Airlines Addis Ababa
87%
Air Serbia Belgrade
87%
Ryanair Birmingham
87%
Qatar Airways Doha
87%
Ryanair/Wizz Air Gdańsk
87%
Eurowings/Norwegian Air Shuttle/Scandinavian Airlines Hamburg
87%
Ryanair/Scandinavian Airlines Malmö
87%
Ryanair Valencia
87%
Norwegian Air Shuttle Venice
87%
Royal Jordanian Amman (Queen Alia)
84%
Pegasus Airlines/SunExpress Ankara
84%
Norwegian Air Shuttle/Pegasus Airlines/Scandinavian Airlines/Sunclass Airlines/SunExpress/TUI fly Nordic Antalya
84%
Norse Atlantic Airways/Thai Airways International Bangkok (Suvarnabhumi)
84%
Norwegian Air Shuttle Bilbao
84%
Eurowings/Ryanair Cologne/Bonn
84%
Luxair Luxembourg
84%
Norwegian Air Shuttle/Ryanair/Scandinavian Airlines Málaga
84%
Icelandair/Scandinavian Airlines Reykjavík
84%
Eurowings/Ryanair Turin
84%
Norwegian Air Shuttle/Ryanair/Scandinavian Airlines Alicante
82%
Eurowings Düsseldorf
82%
Eurowings/Norwegian Air Shuttle/Scandinavian Airlines Faro
82%
Scandinavian Airlines Seville
82%
Air Canada Toronto (Pearson)
82%
Norwegian Air Shuttle/Ryanair/Scandinavian Airlines Dubrovnik
79%
Sunclass Airlines Heraklion
79%
Scandinavian Airlines Ibiza
79%
Wizz Air Skopje
79%
Norwegian Air Shuttle/Scandinavian Airlines/Sunclass Airlines/TUI fly Nordic Tenerife (South)
79%
Scandinavian Airlines Trondheim
79%
Norwegian Air Shuttle Bari
76%
Ryanair/Scandinavian Airlines Malta
76%
Norwegian Air Shuttle/Ryanair Sarajevo
76%
Eurowings Stuttgart
76%
Ryanair/Scandinavian Airlines/Wizz Air Tirana
76%
Nouvelair Tunis
76%
Scandinavian Airlines Aarhus
74%
Norwegian Air Shuttle/Scandinavian Airlines Catania
74%
Scandinavian Airlines Florence
74%
SunExpress İzmir
74%
Norwegian Air Shuttle/Ryanair Marrakesh
74%
Scandinavian Airlines Miami
74%
Sunclass Airlines/TUI fly Nordic Sal
74%
Eurowings/Norwegian Air Shuttle Salzburg
74%
Norwegian Air Shuttle Tel Aviv
74%
Norwegian Air Shuttle/Ryanair/Scandinavian Airlines Thessaloniki
74%
Scandinavian Airlines Tromsø
74%
Norwegian Air Shuttle/Ryanair/Sunclass Airlines/TUI fly Nordic Rhodes
71%
Ryanair Wrocław
71%
Eurowings/Scandinavian Airlines Beirut
68%
Norwegian Air Shuttle/Scandinavian Airlines/Sunclass Airlines/TUI fly Nordic Gran Canaria
68%
Norwegian Air Shuttle/Scandinavian Airlines/Sunclass Airlines/TUI fly Nordic Larnaca
68%
Scandinavian Airlines/United Airlines Newark
68%
Norwegian Air Shuttle Pristina
68%
Ryanair/Scandinavian Airlines Bologna
66%
Ryanair/Scandinavian Airlines Corfu
66%
Scandinavian Airlines Stavanger
66%
Scandinavian Airlines Innsbruck
63%
Ryanair Kaunas
63%
Ryanair Bergamo
61%
Scandinavian Airlines Funchal
61%
Scandinavian Airlines/TUI fly Nordic Kos
61%
Norwegian Air Shuttle/Ryanair/Scandinavian Airlines Luleå
61%
Norwegian Air Shuttle/Ryanair/Scandinavian Airlines Pisa
61%
Ryanair Poznań
61%
Scandinavian Airlines Turku
61%
Sunclass Airlines Varna
61%
Scandinavian Airlines Billund
58%
Eurowings Hannover
58%
Norwegian Air Shuttle/Scandinavian Airlines Umeå
55%
Ryanair Cagliari
53%
Norwegian Air Shuttle/Scandinavian Airlines Kiruna
53%
Scandinavian Airlines Santorini
53%
Ryanair/TUI fly Nordic Zakynthos
53%
TUI Airways Cancún
50%
Norwegian Air Shuttle Hurghada
50%
Norwegian Air Shuttle/Ryanair/Scandinavian Airlines Visby
50%
Norwegian Air Shuttle/Ryanair/Scandinavian Airlines/Sunclass Airlines/TUI fly Nordic Chania
47%
Scandinavian Airlines Kalmar
45%
TUI fly Nordic Lanzarote
45%
Norse Atlantic Airways/TUI Airways Phuket
45%
Ryanair Rijeka
45%
Norwegian Air Shuttle/TUI fly Nordic Burgas
42%
Ryanair Charleroi
42%
Sunclass Airlines Fuerteventura
42%
Norwegian Air Shuttle Olbia
42%
Norwegian Air Shuttle Sharm El Sheikh
42%
Ryanair Zadar
42%
TUI fly Nordic Zanzibar
42%
Scandinavian Airlines Bodø
39%
Scandinavian Airlines Östersund
39%
Norwegian Air Shuttle/Scandinavian Airlines Agadir
37%
Norwegian Air Shuttle/TUI fly Nordic Pula
37%
TUI fly Nordic Punta Cana
37%
Scandinavian Airlines Sundsvall
37%
Ryanair Trieste
37%
Ryanair Banja Luka
34%
TUI fly Nordic Dalaman
34%
Scandinavian Airlines/TUI fly Nordic Samos
34%
Scandinavian Airlines/Sunclass Airlines Skiathos
34%
Ryanair Brindisi
32%
Aegean Airlines/Scandinavian Airlines Kalamata
32%
SunExpress Konya
32%
PopulAir Mariehamn
32%
Scandinavian Airlines Montpellier
32%
Ryanair Niš
32%
Norwegian Air Shuttle/Ryanair/Scandinavian Airlines Skellefteå
32%
TUI Airways Mauritius
29%
Scandinavian Airlines Tivat
29%
Scandinavian Airlines Vaasa
29%
Norwegian Air Shuttle Bastia
26%
Ryanair Beauvais
26%
Dan Air Damascus
26%
Jonair Mora
26%
Scandinavian Airlines/TUI fly Nordic Karpathos
24%
TUI Airways Krabi
24%
Jonair Sveg
24%
Scandinavian Airlines Ängelholm
21%
PopulAir Gällivare
21%
PopulAir Örnsköldsvik
21%
Eurowings/Scandinavian Airlines/Sunclass Airlines Preveza/Lefkada
21%
Sunclass Airlines/TUI fly Nordic Boa Vista
18%
Scandinavian Airlines Halmstad
18%
Ryanair Karlsruhe/Baden-Baden
18%
Scandinavian Airlines Ronneby
18%
Ryanair Treviso
18%
Scandinavian Airlines Biarritz
16%
Scandinavian Airlines Ioannina
16%
NyxAir Trollhättan
16%
PopulAir Arvidsjaur
13%
Scandinavian Airlines/Sunclass Airlines Gazipaşa
13%
Jonair Hagfors
13%
PopulAir Lycksele
13%
TUI Airways Phu Quoc
13%
Jonair Torsby
13%
PopulAir Vilhelmina
13%
Scandinavian Airlines Volos
13%
Sunclass Airlines Aruba
11%
PopulAir Kramfors
11%
Scandinavian Airlines Lemnos
11%
Scandinavian Airlines Sälen-Trysil
11%
Ryanair Béziers
8%
PopulAir Hemavan
8%
Scandinavian Airlines Mytiline
3%
No matching quizzes found
Score Distribution
Percent of People with Each Score
Percentile by Number Answered
Your Score History
You have not taken this quiz since the last reset